|
|
|
|
| LEADER |
00000nas a2200000 a 4500 |
| 001 |
vtls008882700 |
| 003 |
SK-MaSNL |
| 005 |
20260228162311.0 |
| 008 |
020515d19491989xr wr n r 0 0 b0czeod |
| 035 |
|
|
|a (SVKBB03)vtls000114673
|
| 040 |
|
|
|a SVKBB
|b slo
|c SVKBB
|
| 041 |
0 |
|
|a cze
|
| 080 |
|
|
|a 22/28(05)
|
| 245 |
0 |
0 |
|a Katolické noviny
|
| 260 |
|
|
|a Praha
|b Ústřední církevní nakladatelství
|c 1949-1989
|
| 300 |
|
|
|a zv.
|c 45 cm
|
| 310 |
|
|
|a týždenne
|
| 547 |
|
|
|a Od roku 1990 vychádza ako Katolický týdeník.
|
| 550 |
|
|
|a [1965-1989] vydáva Česká katolická charita, Praha
|
| 710 |
1 |
|
|a Katolická církev.
|b Česká katolická charita
|9 119854
|
| 785 |
0 |
0 |
|t Katolický týdeník
|
| 999 |
|
|
|c 7490
|d 9420
|
| 952 |
|
|
|0 0
|1 0
|3 rekatalogizácia
|4 0
|7 0
|a SNK
|b SNK
|d 2007-01-25
|i snkČIP 1043/69
|l 0
|o snkČA 243/20/1968
|p 17A0536366
|r 2026-02-21 20:19:26
|t č. 1-52
|w 2026-02-21
|y PREZ
|
| 952 |
|
|
|0 0
|1 0
|4 0
|7 0
|a SNK
|b SNK
|d 2014-02-24
|i snkČIP 837/71
|l 0
|o snkČA 243/22/1970
|p 17A1023971
|r 2026-02-21 20:32:18
|t č. 1-52
|w 2026-02-21
|y PREZ
|